Risk management and its contemporary importance

Základné členenie rizík. Metódy používané pri analýze rizík (DELPHI, MOSAR, FTA, PHA, HRA, ETA, FMEA, HAZOP, WHAT-IF?). Riadenie a hodnotenie rizík v podniku.

Saved in:
Bibliographic Details
Main Author: Sedláková, Iveta
Other Authors: Sedláková, Andrea
Format: Book Chapter
Language:English
Subjects:
Tags: Add Tag
No Tags, Be the first to tag this record!

MARC

LEADER 00000naa a2200000 4500
001 0197205
005 20240502073330.0
041 0 |a eng 
044 |a SK 
245 1 0 |a Risk management and its contemporary importance  |c Iveta Sedláková, Andrea Sedláková 
520 |a Základné členenie rizík. Metódy používané pri analýze rizík (DELPHI, MOSAR, FTA, PHA, HRA, ETA, FMEA, HAZOP, WHAT-IF?). Riadenie a hodnotenie rizík v podniku. 
610 2 0 |a risk management 
610 2 0 |a riziko 
610 2 0 |a riadenie rizík 
610 2 0 |a podnik 
610 2 0 |a politika podniková 
100 1 |a Sedláková, Iveta 
700 1 |a Sedláková, Andrea